Normal view MARC view

Entry Personal Name

Number of records used in: 1

001 - CONTROL NUMBER

  • control field: 2898

003 - CONTROL NUMBER IDENTIFIER

  • control field: OSt

005 - DATE AND TIME OF LATEST TRANSACTION

  • control field: 20211028141450.0

008 - FIXED-LENGTH DATA ELEMENTS

  • fixed length control field: 211028|| aca||aabn | a|a d

040 ## - CATALOGING SOURCE

  • Original cataloging agency: OSt
  • Transcribing agency: OSt

100 ## - HEADING--PERSONAL NAME

  • Personal name: Achar, P V Vinutha; Uchil, Pavithtra.
  • Miscellaneous information: 50971294

670 ## - SOURCE DATA FOUND

  • Source citation: Work cat.: (OSt): Achar, P V Vinutha; Uchil, Pavithtra. 50971294, Multi function kiosk for duplicate bill generation and automatic cheque deposiy for telecom applications., 2008